[Event "Rheinhausen-ch 11th"]
[Site "Duisburg Rheinhausen"]
[Date "2007.03.30"]
[Round "7"]
[White "Nover, Jens"]
[Black "Koenitz, Wilfried"]
[Result "0-1"]
[WhiteElo "1083"]
[BlackElo "1530"]
[PlyCount "44"]
[EventDate "2007.01.12"]
[EventType "swiss"]
[EventRounds "7"]
[EventCountry "GER"]
[SourceTitle "EXT 2018"]
[Source "ChessBase"]
[SourceDate "2017.10.13"]
[SourceVersion "1"]
[SourceVersionDate "2017.10.13"]
[SourceQuality "1"]

1. d4 Nf6 2. c3 d5 3. Bf4 Bf5 4. e3 c5 5. Nf3 c4 6. h3 h5 7. b3 b5 8. bxc4 bxc4 9. Nbd2 Qa5 10. Nh4 Bh7 11. Bg5 e6 12. Bxf6 gxf6 13. Qxh5 Qxc3 14. Rb1 Bb4 15. Nhf3 Qc2 16. Be2 Qxb1+ 17. Bd1 Qxa2 18. Qh4 Nd7 19. g4 c3 20. Nb3 c2+ 21. Nfd2 cxd1Q+ 22. Kxd1 Bc2+ 0-1

[Event "Rheinhausen-ch 11th"]
[Site "Duisburg Rheinhausen"]
[Date "2007.03.16"]
[Round "6"]
[White "Jakubowski, Karl"]
[Black "Nover, Jens"]
[Result "1/2-1/2"]
[WhiteElo "1386"]
[BlackElo "1083"]
[PlyCount "32"]
[EventDate "2007.01.12"]
[EventType "swiss"]
[EventRounds "7"]
[EventCountry "GER"]
[SourceTitle "EXT 2018"]
[Source "ChessBase"]
[SourceDate "2017.10.13"]
[SourceVersion "1"]
[SourceVersionDate "2017.10.13"]
[SourceQuality "1"]

1. c4 d5 2. e3 c6 3. Nc3 Bf5 4. d4 e6 5. a3 Nf6 6. c5 Be7 7. Nf3 h6 8. Be2 Nbd7 9. b4 b6 10. b5 cxb5 11. c6 Nb8 12. Bxb5 Qc7 13. Ne5 0-0 14. Bd2 a6 15. Be2 Nxc6 16. Nxc6 Qxc6 1/2-1/2

[Event "Rheinhausen-ch 11th"]
[Site "Duisburg Rheinhausen"]
[Date "2007.02.23"]
[Round "4"]
[White "Burike, Christian"]
[Black "Nover, Jens"]
[Result "1-0"]
[WhiteElo "1459"]
[BlackElo "1083"]
[PlyCount "61"]
[EventDate "2007.01.12"]
[EventType "swiss"]
[EventRounds "7"]
[EventCountry "GER"]
[SourceTitle "EXT 2018"]
[Source "ChessBase"]
[SourceDate "2017.10.13"]
[SourceVersion "1"]
[SourceVersionDate "2017.10.13"]
[SourceQuality "1"]

1. c4 d5 2. cxd5 Qxd5 3. Nc3 Qa5 4. g3 c6 5. Bg2 Bf5 6. Nf3 e6 7. 0-0 Nf6 8. d3 Be7 9. Bd2 Qd8 10. Qb3 Qb6 11. Qc2 a5 12. Be3 Bc5 13. Na4 Qd8 14. Nxc5 b6 15. Nb3 c5 16. Nh4 c4 17. Nxf5 cxb3 18. Nxg7+ Kf8 19. Qxb3 Nbd7 20. Bh6 Ke7 21. Bxa8 Qxa8 22. Bg5 Rg8 23. Bxf6+ Nxf6 24. Rac1 Rxg7 25. Rc7+ Nd7 26. Qa3+ Kd8 27. Rfc1 Nc5 28. Qc3 Rg8 29. Qe5 Qb8 30. Qd6+ Nd7 31. Qxd7# 1-0